[Event "1. Bundesliga 2019/2020"]
[Site "Volkshaus Bindermichl, Linz"]
[Date "2019.10.12"]
[Round "3"]
[Board "6"]
[White "Gstach, Jakob"]
[Black "Novkovic, Milan"]
[Result "1/2-1/2"]
[WhiteElo "2290"]
[BlackElo "2358"]
[PlyCount "73"]
[EventDate "2019.10.10"]
[EventType "team"]
[EventRounds "11"]
[EventCountry "AUT"]
[WhiteTeam "mpimmo Wien - SK Ottakring"]
[BlackTeam "SK Hohenems"]

1.d4 Nf6 2.c4 e6 3.Nc3 d5 4.cxd5 exd5 5.Bg5 Be7 6.e3 c6 7.Bd3 Bg4 8.Nge2 Bh5 9.Qb3
Qb6 10.Qc2 Bg6 11.Nf4 Bxd3 12.Nxd3 Nbd7 13.O-O O-O 14.b4 Rfc8 15.Rfc1 Qd8 16.Bxf6
Nxf6 17.Qb3 a6 18.a4 Bd6 19.Rab1 Rab8 20.h3 h5 21.b5 a5 22.Rc2 Bc7 23.Rbc1 Qd6 24.Ne5
Nd7 25.Nxd7 Qxd7 26.Ne2 Bd6 27.Kh1 g6 28.Ng1 Kg7 29.Nf3 f6 30.Qd3 g5 31.bxc6 bxc6
32.Qa6 g4 33.Ng1 Ba3 34.Ra1 Bb4 35.Rac1 Ba3 36.Ra1 Bb4 37.Rac1  1/2-1/2

[Event "1. Bundesliga 2019/2020"]
[Site "Volkshaus Bindermichl, Linz"]
[Date "2019.10.12"]
[Round "3"]
[Board "1"]
[White "Hera, Imre"]
[Black "Kunin, Vitaly"]
[Result "1/2-1/2"]
[WhiteElo "2611"]
[BlackElo "2560"]
[PlyCount "79"]
[EventDate "2019.10.10"]
[EventType "team"]
[EventRounds "11"]
[EventCountry "AUT"]
[WhiteTeam "Spg. Sallegger Tech. Fuerstenfeld/Hartber"]
[BlackTeam "SK Bregenz 1920"]

1.Nf3 d6 2.d4 Bg4 3.g3 Bxf3 4.exf3 e6 5.Bg2 c6 6.f4 g6 7.Nd2 Bg7 8.Nf3 Nd7 9.c3 Ne7
10.O-O O-O 11.Re1 a5 12.Be3 a4 13.Rc1 Nd5 14.Nd2 Nxe3 15.fxe3 d5 16.e4 Qb6 17.Rc2
c5 18.exd5 exd5 19.Nf3 cxd4 20.cxd4 Rfe8 21.Rxe8+ Rxe8 22.Rf2 a3 23.bxa3 Nf6 24.Ne5
Rc8 25.Bf3 Rc3 26.Rc2 Qc7 27.Rxc3 Qxc3 28.Qa4 Bf8 29.Kg2 Qb2+ 30.Kh3 Qb1 31.Qb3 Qf1+
32.Bg2 Qe2 33.Bf3 Qf1+ 34.Bg2 Qe2 35.Bxd5 Nxd5 36.Qxd5 Qh5+ 37.Kg2 Qe2+ 38.Kg1 Qe1+
39.Kg2 Qe2+ 40.Kg1  1/2-1/2

[Event "1. Bundesliga 2019/2020"]
[Site "Volkshaus Bindermichl, Linz"]
[Date "2019.10.12"]
[Round "3"]
[Board "2"]
[White "Sergeev, Vladimir"]
[Black "Korpa, Bence"]
[Result "1/2-1/2"]
[WhiteElo "2419"]
[BlackElo "2546"]
[PlyCount "86"]
[EventDate "2019.10.10"]
[EventType "team"]
[EventRounds "11"]
[EventCountry "AUT"]
[WhiteTeam "SK Bregenz 1920"]
[BlackTeam "Spg. Sallegger Tech. Fuerstenfeld/Hartber"]

1.d4 Nf6 2.Nf3 e6 3.c3 c5 4.e3 b6 5.Nbd2 Bb7 6.Bd3 cxd4 7.exd4 Be7 8.O-O O-O 9.Re1
d6 10.a4 a6 11.Nc4 Nbd7 12.Bf4 Qc7 13.h3 Rfe8 14.Bh2 Bc6 15.Ne3 Qb7 16.Nd2 b5 17.Nb3
Qb6 18.axb5 axb5 19.Rxa8 Rxa8 20.Qe2 g6 21.Ra1 Ra4 22.Re1 Nb8 23.Bc2 Ra7 24.Bd3 Bf8
25.Rd1 Nbd7 26.Re1 Qb7 27.Nd2 Ra2 28.Ndf1 e5 29.Bb1 Ra8 30.Rd1 exd4 31.cxd4 Nb6 32.Rc1
Ra4 33.Qc2 Be4 34.Qe2 Bxb1 35.Rxb1 Qe4 36.Rd1 Rb4 37.Ng3 Qe6 38.d5 Qd7 39.Qd2 Ra4
40.Qc3 Qd8 41.Qb3 Qd7 42.Qc3 Qd8 43.Qb3 Qd7  1/2-1/2

[Event "1. Bundesliga 2019/2020"]
[Site "Volkshaus Bindermichl, Linz"]
[Date "2019.10.12"]
[Round "3"]
[Board "3"]
[White "Ruck, Robert"]
[Black "Dobosz, Henryk"]
[Result "1-0"]
[WhiteElo "2537"]
[BlackElo "2379"]
[PlyCount "81"]
[EventDate "2019.10.10"]
[EventType "team"]
[EventRounds "11"]
[EventCountry "AUT"]
[WhiteTeam "Spg. Sallegger Tech. Fuerstenfeld/Hartber"]
[BlackTeam "SK Bregenz 1920"]

1.Nf3 d5 2.d4 Nf6 3.c4 e6 4.Nc3 Nbd7 5.Bg5 h6 6.Bh4 dxc4 7.e3 Nb6 8.Bxc4 Nxc4 9.Qa4+
Bd7 10.Qxc4 Be7 11.O-O O-O 12.e4 a6 13.Rfe1 Rc8 14.Rad1 Nh5 15.Bxe7 Qxe7 16.Ne5 Nf6
17.Nd3 Rfd8 18.Nc5 Rb8 19.b4 Be8 20.a3 Nd7 21.d5 e5 22.Ne2 Nb6 23.Qc1 Rd6 24.Ng3 Bd7
25.Rd3 Nc8 26.Rc3 Qd8 27.Nd3 f6 28.Nc5 Ne7 29.Nh5 Be8 30.Ng3 Bf7 31.f4 c6 32.fxe5
fxe5 33.dxc6 Rxc6 34.Rd1 Rd6 35.Rcd3 Rxd3 36.Rxd3 Qe8 37.Qc3 Ng6 38.Nf5 Nf4 39.Rd2
b6 40.Nd3 Rc8 41.Qxc8  1-0

[Event "1. Bundesliga 2019/2020"]
[Site "Volkshaus Bindermichl, Linz"]
[Date "2019.10.12"]
[Round "3"]
[Board "5"]
[White "Poetz, Florian"]
[Black "Ciolek, Andreas"]
[Result "1-0"]
[WhiteElo "2422"]
[BlackElo "2230"]
[PlyCount "145"]
[EventDate "2019.10.10"]
[EventType "team"]
[EventRounds "11"]
[EventCountry "AUT"]
[WhiteTeam "Spg. Sallegger Tech. Fuerstenfeld/Hartber"]
[BlackTeam "SK Bregenz 1920"]

1.e4 c5 2.Nf3 d6 3.d4 cxd4 4.Nxd4 Nf6 5.Nc3 a6 6.Be3 e5 7.Nb3 Be7 8.h3 O-O 9.Qf3 Be6
10.O-O-O Qc8 11.g4 a5 12.Bb5 Na6 13.g5 Nd7 14.Kb1 Nc7 15.Bxd7 Bxd7 16.Bb6 a4 17.Nc1
Be6 18.a3 Ra6 19.Be3 Ra5 20.N1a2 f5 21.gxf6 Rxf6 22.Qe2 Bxa2+ 23.Nxa2 d5 24.Bd2 Raa6
25.Bg5 Rf7 26.Bxe7 Rxe7 27.exd5 Rd6 28.c4 Qf5+ 29.Ka1 b5 30.Nc3 bxc4 31.Ne4 Rxd5 32.Rxd5
Nxd5 33.Qxc4 Qf7 34.Ng5 Rc7 35.Qa2 Qd7 36.Rd1 h6 37.Ne4 Kh8 38.Kb1 Rc5 39.Ka1 Rb5
40.Qc4 Ne3 41.Rxd7 Nxc4 42.Nc3 Ra5 43.Rb7 Ra6 44.Rb4 Nb6 45.Rb5 Nd7 46.Rd5 Ra7 47.Nxa4
Nf6 48.Rd8+ Kh7 49.Nc5 Ra5 50.Nd7 Ne4 51.f3 Nf2 52.Nf8+ Kg8 53.h4 Kf7 54.Rd2 Nh3 55.Nd7
Ke6 56.Nb6 Kf5 57.Rd3 Nf4 58.Rd7 Ng6 59.h5 Nf4 60.Rf7+ Kg5 61.Rxg7+ Kxh5 62.Nc4 Rc5
63.b3 Ne6 64.Rg8 Nd4 65.Kb2 Nxf3 66.a4 Ng5 67.a5 Ne4 68.Re8 Kg4 69.Rxe5 Nf2 70.Rxc5
Nd3+ 71.Ka3 Nxc5 72.b4 Nd7 73.a6  1-0

[Event "1. Bundesliga 2019/2020"]
[Site "Volkshaus Bindermichl, Linz"]
[Date "2019.10.12"]
[Round "3"]
[Board "6"]
[White "Amann, Harald"]
[Black "Freitag, Manfred"]
[Result "0-1"]
[WhiteElo "1935"]
[BlackElo "2356"]
[PlyCount "90"]
[EventDate "2019.10.10"]
[EventType "team"]
[EventRounds "11"]
[EventCountry "AUT"]
[WhiteTeam "SK Bregenz 1920"]
[BlackTeam "Spg. Sallegger Tech. Fuerstenfeld/Hartber"]

1.d4 Nf6 2.c4 g6 3.Nc3 Bg7 4.e4 d6 5.Be2 O-O 6.Nf3 e5 7.dxe5 dxe5 8.Qxd8 Rxd8 9.Bg5
c6 10.h3 Re8 11.Nd2 Na6 12.Be3 Nd7 13.a3 Nac5 14.Rd1 a5 15.O-O a4 16.Rfe1 Ne6 17.Nf3
Ndc5 18.Bf1 Nb3 19.Nb1 Nbd4 20.Nxd4 exd4 21.Bc1 Nc5 22.Nd2 f5 23.Nf3 Nb3 24.Bd3 c5
25.Bf4 Bd7 26.exf5 Bxf5 27.Bxf5 gxf5 28.Kf1 Re4 29.Rxe4 fxe4 30.Nd2 Nxd2+ 31.Bxd2
b5 32.cxb5 Rb8 33.Re1 Rxb5 34.Bc1 d3 35.Rxe4 Bxb2 36.Bxb2 Rxb2 37.Ke1 Rc2 38.Rxa4
c4 39.Ra8+ Kf7 40.Rd8 Ke6 41.g4 Ke5 42.g5 Rb2 43.h4 c3 44.Rxd3 Rb1+ 45.Ke2 c2  0-1

[Event "1. Bundesliga 2019/2020"]
[Site "Volkshaus Bindermichl, Linz"]
[Date "2019.10.12"]
[Round "3"]
[Board "1"]
[White "Nisipeanu, Liviu-Dieter"]
[Black "Menezes, Christoph"]
[Result "1/2-1/2"]
[WhiteElo "2655"]
[BlackElo "2398"]
[PlyCount "103"]
[EventDate "2019.10.10"]
[EventType "team"]
[EventRounds "11"]
[EventCountry "AUT"]
[WhiteTeam "SK Sparkasse Jenbach"]
[BlackTeam "Union Ansfelden"]

1.e4 e5 2.Nf3 Nc6 3.Bb5 Nf6 4.d3 Bc5 5.Bxc6 dxc6 6.h3 Qe7 7.Qe2 Nd7 8.Nbd2 Nf8 9.Nc4
f6 10.c3 Ne6 11.b4 Bd6 12.O-O O-O 13.Be3 c5 14.b5 Re8 15.a4 Qf7 16.Nfd2 Bf8 17.g3
Nd8 18.Kg2 Qd7 19.Rh1 Nf7 20.f3 b6 21.Nb2 c6 22.c4 cxb5 23.axb5 Rd8 24.Nb1 Nd6 25.Nc3
Ne8 26.Nd5 Nc7 27.Nxc7 Qxc7 28.Na4 Be6 29.Nc3 Qd7 30.Nd5 Rac8 31.f4 exf4 32.Nxf4 f5
33.Nxe6 Qxe6 34.exf5 Qxf5 35.Rxa7 Rxd3 36.Bf4 Rc3 37.Rc1 Rxc1 38.Bxc1 Qg6 39.Ra3 Re8
40.Qd3 Qxd3 41.Rxd3 Re2+ 42.Kf3 Rc2 43.Bf4 Rxc4 44.Rd8 Kf7 45.Rb8 Be7 46.Rxb6 Rb4
47.Be3 Rb3 48.Ke4 c4 49.Rb7 Ke6 50.Rb6+ Kf7 51.Rb7 Ke6 52.Rb6+  1/2-1/2

[Event "1. Bundesliga 2019/2020"]
[Site "Volkshaus Bindermichl, Linz"]
[Date "2019.10.12"]
[Round "3"]
[Board "2"]
[White "Weiss, Christian"]
[Black "Svane, Rasmus"]
[Result "1/2-1/2"]
[WhiteElo "2369"]
[BlackElo "2613"]
[PlyCount "253"]
[EventDate "2019.10.10"]
[EventType "team"]
[EventRounds "11"]
[EventCountry "AUT"]
[WhiteTeam "Union Ansfelden"]
[BlackTeam "SK Sparkasse Jenbach"]

1.c4 e6 2.Nf3 d5 3.e3 Nf6 4.Nc3 a6 5.d4 dxc4 6.a4 b6 7.Bxc4 Bb7 8.O-O Bb4 9.Qe2 O-O
10.Rd1 Qe7 11.Bd3 c5 12.Ne5 Rd8 13.Na2 cxd4 14.exd4 Nc6 15.Be3 Nxe5 16.dxe5 Nd5 17.Nxb4
Nxe3 18.Qxe3 Qxb4 19.Bf1 h6 20.b3 Rxd1 21.Rxd1 Bd5 22.Rd4 Qxb3 23.Qxb3 Bxb3 24.Rb4
Bc2 25.Rxb6 a5 26.Bb5 Rd8 27.h3 Rd4 28.Ra6 Bxa4 29.Rxa5 Bxb5 30.Rxb5 g5 31.g3 Kg7
32.Kg2 h5 33.Kf3 Rd3+ 34.Kg2 Rd1 35.Rb4 Re1 36.Rb5 Kg6 37.g4 Re4 38.Kf3 Rd4 39.Rb3
Rf4+ 40.Kg3 h4+ 41.Kg2 Kg7 42.Rb5 Rd4 43.Rb3 Re4 44.Rb5 Rc4 45.Ra5 Rd4 46.Ra3 Rd5
47.Re3 Kf8 48.Kg1 Ke7 49.Kg2 Rc5 50.Kg1 Rc4 51.Kg2 Rf4 52.Ra3 Rd4 53.Ra7+ Rd7 54.Ra3
Rc7 55.Rd3 Rc4 56.Ra3 Rc5 57.Re3 Rd5 58.Kg1 Kd8 59.Rf3 Rd7 60.Rf6 Ke7 61.Rf3 Rd1+
62.Kg2 Re1 63.Ra3 Rxe5 64.Ra7+ Kf6 65.Rb7 Rd5 66.Ra7 Rd3 67.Rb7 Kg6 68.Ra7 Rd6 69.Rb7
Rd8 70.Ra7 Re8 71.Kf3 Kf6 72.Rb7 Re7 73.Rb5 Rd7 74.Kg2 Rd6 75.Ra5 Rc6 76.Rb5 e5 77.Ra5
Ke6 78.Rb5 Rd6 79.Ra5 f6 80.Ra1 Rc6 81.Ra2 Rb6 82.Rd2 Rb5 83.Ra2 Rd5 84.Ra6+ Rd6 85.Ra2
f5 86.gxf5+ Kxf5 87.Ra8 Rg6 88.Kf3 Rf6 89.Rg8 Rf7 90.Ra8 Kg6+ 91.Kg2 Rf6 92.Rb8 Rf5
93.Ra8 Kf7 94.Ra7+ Kg6 95.Ra8 Rf4 96.Rg8+ Kf5 97.Rf8+ Ke4 98.Rg8 Rf5 99.Ra8 Rf6 100.Rg8
Kf4 101.Rh8 Rg6 102.Rf8+ Ke4 103.Ra8 g4 104.Ra4+ Kf5 105.Ra3 Kf4 106.hxg4 Rxg4+ 107.Kf1
Rg5 108.Re3 e4 109.Ra3 Rh5 110.Kg2 Rd5 111.Rh3 Kg4 112.Re3 Kf4 113.Rh3 Rg5+ 114.Kf1
Rh5 115.Kg2 Rh6 116.Re3 Rg6+ 117.Kf1 Rd6 118.Rh3 Kg5 119.Re3 Kf5 120.f3 Kf4 121.Rxe4+
Kxf3 122.Re1 h3 123.Kg1 h2+ 124.Kh1 Rg6 125.Ra1 Rg1+ 126.Rxg1 hxg1=Q+ 127.Kxg1  1/2-1/2

[Event "1. Bundesliga 2019/2020"]
[Site "Volkshaus Bindermichl, Linz"]
[Date "2019.10.12"]
[Round "3"]
[Board "3"]
[White "Wagner, Dennis"]
[Black "Knoll, Hermann"]
[Result "1-0"]
[WhiteElo "2581"]
[BlackElo "2323"]
[PlyCount "121"]
[EventDate "2019.10.10"]
[EventType "team"]
[EventRounds "11"]
[EventCountry "AUT"]
[WhiteTeam "SK Sparkasse Jenbach"]
[BlackTeam "Union Ansfelden"]

1.d4 Nf6 2.c4 e6 3.g3 c5 4.Nf3 cxd4 5.Nxd4 d5 6.Bg2 e5 7.Nf3 d4 8.O-O Nc6 9.e3 Bc5
10.exd4 exd4 11.Qe1+ Be6 12.Ng5 O-O 13.Nxe6 fxe6 14.Bxc6 bxc6 15.b4 Be7 16.Qxe6+ Kh8
17.a3 a5 18.Bb2 axb4 19.axb4 Rxa1 20.Bxa1 Bxb4 21.Qxc6 d3 22.Bc3 Qa5 23.Qd6 Bxd6 24.Bxa5
Bc5 25.Nd2 Ng4 26.Kg2 Re8 27.h3 Nf6 28.Nb3 Rc8 29.Re1 Bf8 30.Nd2 Kg8 31.Re3 Ra8 32.Bc3
Rd8 33.f4 Bc5 34.Re5 Bd6 35.Re3 Bc5 36.Re5 Bd6 37.Re1 Kf7 38.Kf3 Ra8 39.Rb1 Ra7 40.Rb3
Rc7 41.Bxf6 gxf6 42.Ke4 h5 43.Rb5 h4 44.gxh4 Re7+ 45.Kf5 Re2 46.Ne4 Be7 47.Rd5 Rc2
48.c5 d2 49.Rxd2 Rxd2 50.Nxd2 Bxc5 51.Ne4 Bd4 52.h5 Kg7 53.Ke6 Bb2 54.Nxf6 Kh6 55.Kf5
Ba1 56.Ke6 Bb2 57.f5 Ba1 58.Ng4+ Kxh5 59.Ne5 Bb2 60.f6 Kh4 61.f7  1-0

[Event "1. Bundesliga 2019/2020"]
[Site "Volkshaus Bindermichl, Linz"]
[Date "2019.10.12"]
[Round "3"]
[Board "4"]
[White "Moser, Guenter"]
[Black "Acs, Peter"]
[Result "0-1"]
[WhiteElo "2267"]
[BlackElo "2566"]
[PlyCount "96"]
[EventDate "2019.10.10"]
[EventType "team"]
[EventRounds "11"]
[EventCountry "AUT"]
[WhiteTeam "Union Ansfelden"]
[BlackTeam "SK Sparkasse Jenbach"]

1.d4 Nf6 2.Nf3 d5 3.g3 c6 4.Bg2 Bg4 5.O-O e6 6.Nbd2 Be7 7.c4 O-O 8.h3 Bh5 9.g4 Bg6
10.Ne5 Nfd7 11.Nxg6 hxg6 12.e3 Na6 13.a3 Nc7 14.b3 a5 15.Bb2 g5 16.Rc1 Re8 17.Qc2
Nf8 18.Rfd1 Ng6 19.cxd5 exd5 20.Nf3 Nb5 21.a4 Nd6 22.Ba3 Ne4 23.Bxe7 Qxe7 24.Qd3 Rf8
25.Nh2 Nd6 26.Rf1 Nh4 27.Nf3 Ng6 28.Nh2 Nh4 29.Nf3 f5 30.Ne5 f4 31.f3 fxe3 32.Rce1
Nf7 33.Rxe3 Nxe5 34.Rxe5 Qd8 35.Rfe1 Rf4 36.R1e3 Qf6 37.Kf2 Rf8 38.Bh1 Qd8 39.Bg2
R4f7 40.Bh1 Qf6 41.Re8 Qf4 42.Rxf8+ Rxf8 43.Bg2 Qh2 44.Qf1 Rf6 45.Re8+ Kh7 46.Re3
Kh6 47.Rd3 Re6 48.Rd2 Nxf3  0-1

[Event "1. Bundesliga 2019/2020"]
[Site "Volkshaus Bindermichl, Linz"]
[Date "2019.10.12"]
[Round "3"]
[Board "5"]
[White "Schlosser, Philipp"]
[Black "Mostbauer, Florian"]
[Result "1-0"]
[WhiteElo "2509"]
[BlackElo "2302"]
[PlyCount "31"]
[EventDate "2019.10.10"]
[EventType "team"]
[EventRounds "11"]
[EventCountry "AUT"]
[WhiteTeam "SK Sparkasse Jenbach"]
[BlackTeam "Union Ansfelden"]

1.d4 d5 2.c4 c6 3.Nc3 Nf6 4.e3 Bg4 5.f3 Bh5 6.Qb3 Qb6 7.g4 Qxb3 8.axb3 Bg6 9.g5 Nfd7
10.cxd5 Nb6 11.dxc6 Nxc6 12.Bb5 e6 13.Nge2 a6 14.Bxc6+ bxc6 15.e4 c5 16.Be3  1-0

[Event "1. Bundesliga 2019/2020"]
[Site "Volkshaus Bindermichl, Linz"]
[Date "2019.10.12"]
[Round "3"]
[Board "6"]
[White "Windhager, Hannes"]
[Black "Yankelevich, Lev"]
[Result "1/2-1/2"]
[WhiteElo "2211"]
[BlackElo "2461"]
[PlyCount "151"]
[EventDate "2019.10.10"]
[EventType "team"]
[EventRounds "11"]
[EventCountry "AUT"]
[WhiteTeam "Union Ansfelden"]
[BlackTeam "SK Sparkasse Jenbach"]

1.e4 e5 2.Bc4 Bc5 3.Nf3 Nc6 4.O-O Nf6 5.d3 O-O 6.a4 a6 7.Bg5 h6 8.Bh4 Be7 9.c3 d6
10.Nbd2 Nh5 11.Bg3 Nxg3 12.hxg3 Kh8 13.d4 exd4 14.Nxd4 Nxd4 15.cxd4 Bf6 16.Nf3 Bg4
17.Re1 c6 18.e5 Be7 19.exd6 Qxd6 20.Qd3 Bxf3 21.gxf3 Bf6 22.Rad1 Rad8 23.d5 Qc5 24.Qe4
cxd5 25.Rxd5 Rxd5 26.Bxd5 Bd4 27.Re2 b5 28.axb5 axb5 29.Rc2 Qa7 30.Kg2 g6 31.b3 Kg7
32.Rd2 Bc3 33.Rc2 Bd4 34.Rd2 Bc3 35.Rc2 Qa5 36.Qe3 b4 37.Bc4 Ra8 38.Re2 Qa7 39.Qxa7
Rxa7 40.f4 Kf6 41.Kf3 Rc7 42.Re8 Rd7 43.Re2 g5 44.fxg5+ hxg5 45.Re8 Rd4 46.Re4 Rd2
47.Re2 Rd4 48.Re4 Rd8 49.Re3 Bd4 50.Re4 Bc5 51.Re2 Rd4 52.Re4 Rd2 53.Re2 Rd4 54.Re4
Rd1 55.g4 Rc1 56.Re2 Rd1 57.Re4 Rh1 58.Kg2 Rc1 59.f4 Rc2+ 60.Re2 Rxe2+ 61.Bxe2 gxf4
62.Kf3 Ke5 63.Bc4 f6 64.Bg8 Be3 65.Bc4 Kd6 66.Bg8 Ke7 67.Bc4 Kf8 68.Bd5 Kg7 69.Bc4
Kg6 70.Be6 Kg5 71.Bc4 Kh4 72.Bg8 Kg5 73.Bc4 f5 74.gxf5 Kxf5 75.Bg8 Ke5 76.Bc4  1/2-1/2

[Event "1. Bundesliga 2019/2020"]
[Site "Volkshaus Bindermichl, Linz"]
[Date "2019.10.12"]
[Round "3"]
[Board "1"]
[White "Brkic, Ante"]
[Black "Jovanovic, Dusan"]
[Result "1/2-1/2"]
[WhiteElo "2595"]
[BlackElo "2412"]
[PlyCount "77"]
[EventDate "2019.10.10"]
[EventType "team"]
[EventRounds "11"]
[EventCountry "AUT"]
[WhiteTeam "SV Pillenkoenig St. Veit"]
[BlackTeam "SK Sparkasse Bad Voeslau"]

1.e4 c5 2.Nf3 e6 3.d4 cxd4 4.Nxd4 a6 5.c4 Qc7 6.Nc3 Nf6 7.Be2 b6 8.Be3 Bb7 9.f3 d6
10.Qd2 Nbd7 11.O-O Be7 12.a4 O-O 13.a5 bxa5 14.Nb3 Rab8 15.Nxa5 Ba8 16.Rfc1 Ne5 17.Na4
Nc6 18.Nxc6 Bxc6 19.b4 Nd7 20.c5 dxc5 21.Nxc5 Nxc5 22.Bxc5 Bb5 23.Qe3 Bxc5 24.Rxc5
Qa7 25.Bxb5 Rxb5 26.Qa3 Qb6 27.Qxa6 Rxb4 28.Qxb6 Rxb6 29.Ra7 g6 30.h4 h5 31.Rc2 Rfb8
32.Rcc7 Rf8 33.Kh2 Rb2 34.Re7 Rbb8 35.Kg3 Rbe8 36.Rec7 Rc8 37.Rd7 Rcd8 38.Rdc7 Rc8
39.Rd7  1/2-1/2

[Event "1. Bundesliga 2019/2020"]
[Site "Volkshaus Bindermichl, Linz"]
[Date "2019.10.12"]
[Round "3"]
[Board "2"]
[White "Juhasz, Kristof"]
[Black "Saric, Ante"]
[Result "1/2-1/2"]
[WhiteElo "2472"]
[BlackElo "2541"]
[PlyCount "62"]
[EventDate "2019.10.10"]
[EventType "team"]
[EventRounds "11"]
[EventCountry "AUT"]
[WhiteTeam "SK Sparkasse Bad Voeslau"]
[BlackTeam "SV Pillenkoenig St. Veit"]

1.d4 Nf6 2.c4 e6 3.Nf3 b6 4.g3 Bb7 5.Bg2 Bb4+ 6.Bd2 Be7 7.Nc3 c6 8.e4 d5 9.exd5 cxd5
10.Ne5 O-O 11.O-O Nc6 12.Bg5 Rc8 13.Bxf6 Bxf6 14.cxd5 Nxe5 15.dxe5 Bxe5 16.dxe6 Bxg2
17.exf7+ Rxf7 18.Kxg2 Bxc3 19.bxc3 Qxd1 20.Rfxd1 Rxc3 21.Rd8+ Rf8 22.Rd2 Rc7 23.Re1
Rf5 24.Re4 Kf7 25.h4 h5 26.a4 Re7 27.Red4 g6 28.Rc2 Kg7 29.Rd6 Ref7 30.Rd4 Re7 31.Rd6
Ref7  1/2-1/2

[Event "1. Bundesliga 2019/2020"]
[Site "Volkshaus Bindermichl, Linz"]
[Date "2019.10.12"]
[Round "3"]
[Board "3"]
[White "Antoniewski, Rafal"]
[Black "Juhasz, Armin"]
[Result "1/2-1/2"]
[WhiteElo "2492"]
[BlackElo "2373"]
[PlyCount "55"]
[EventDate "2019.10.10"]
[EventType "team"]
[EventRounds "11"]
[EventCountry "AUT"]
[WhiteTeam "SV Pillenkoenig St. Veit"]
[BlackTeam "SK Sparkasse Bad Voeslau"]

1.e4 c5 2.Nf3 Nc6 3.Bb5 d6 4.O-O Bd7 5.Re1 Nf6 6.h3 e6 7.c3 Ne5 8.Bxd7+ Qxd7 9.d4
Nxf3+ 10.Qxf3 d5 11.e5 Ne4 12.Qd3 cxd4 13.cxd4 Bb4 14.Bd2 Nxd2 15.Nxd2 O-O 16.Rec1
Bxd2 17.Qxd2 Rac8 18.b3 h6 19.a4 b6 20.Ra2 Rxc1+ 21.Qxc1 Rc8 22.Rc2 Rxc2 23.Qxc2 Qe7
24.Qc8+ Kh7 25.Qc2+ Kg8 26.Qc8+ Kh7 27.Qc2+ Kg8 28.Qc8+  1/2-1/2

[Event "1. Bundesliga 2019/2020"]
[Site "Volkshaus Bindermichl, Linz"]
[Date "2019.10.12"]
[Round "3"]
[Board "4"]
[White "Plachetka, Jan"]
[Black "Drnovsek, Gal"]
[Result "0-1"]
[WhiteElo "2313"]
[BlackElo "2387"]
[PlyCount "78"]
[EventDate "2019.10.10"]
[EventType "team"]
[EventRounds "11"]
[EventCountry "AUT"]
[WhiteTeam "SK Sparkasse Bad Voeslau"]
[BlackTeam "SV Pillenkoenig St. Veit"]

1.d4 Nf6 2.Nf3 d5 3.c4 e6 4.Nc3 Be7 5.Bg5 O-O 6.e3 h6 7.Bh4 b6 8.cxd5 Nxd5 9.Bg3 c5
10.Bd3 cxd4 11.exd4 Ba6 12.O-O Bxd3 13.Qxd3 Nc6 14.Qb5 Rc8 15.Rac1 Ncb4 16.Qe2 Bg5
17.Nxg5 Qxg5 18.a3 Nc6 19.Qe4 Nf6 20.Qe3 Qf5 21.Rfd1 Rfd8 22.h3 Na5 23.Bh4 g5 24.g4
Qg6 25.Bg3 Nb3 26.Rb1 Na5 27.Nb5 a6 28.Nd6 Rc6 29.b4 Nc4 30.Nxc4 Rxc4 31.Rbc1 b5 32.Rxc4
bxc4 33.Rc1 Nd5 34.Qe2 c3 35.Qxa6 Qe4 36.Qf1 Qxd4 37.Qd1 Qxd1+ 38.Rxd1 c2 39.Rc1 Nxb4  0-1

[Event "1. Bundesliga 2019/2020"]
[Site "Volkshaus Bindermichl, Linz"]
[Date "2019.10.12"]
[Round "3"]
[Board "5"]
[White "Hoelzl, Franz"]
[Black "Grimm, Daniel"]
[Result "1-0"]
[WhiteElo "2292"]
[BlackElo "2284"]
[PlyCount "109"]
[EventDate "2019.10.10"]
[EventType "team"]
[EventRounds "11"]
[EventCountry "AUT"]
[WhiteTeam "SV Pillenkoenig St. Veit"]
[BlackTeam "SK Sparkasse Bad Voeslau"]

1.c4 c6 2.Nf3 d5 3.e3 Nf6 4.Nc3 Bg4 5.Qb3 Qb6 6.Ne5 Be6 7.c5 Qc7 8.d4 g6 9.Bd3 Bg7
10.Qc2 Nfd7 11.Nxd7 Nxd7 12.Bd2 O-O 13.O-O f6 14.e4 f5 15.exd5 Bxd5 16.Nxd5 cxd5 17.Qb3
e6 18.Bc3 b6 19.cxb6 Qxb6 20.Qxb6 Nxb6 21.Rfe1 Kf7 22.Rac1 Rfc8 23.Ba6 Rc7 24.b3 Bh6
25.Rc2 Rd8 26.Ree2 Bf8 27.g3 Rd6 28.Bb5 Rd8 29.Ba6 Rd6 30.Bb4 Rxc2 31.Rxc2 Rd7 32.Bc5
Rc7 33.f4 Bg7 34.Bd3 Nd7 35.b4 Nb6 36.Kf1 h6 37.h4 Bf6 38.Ke2 g5 39.h5 Na4 40.Ke3
g4 41.Bb5 Nxc5 42.bxc5 Rb7 43.Ba6 Rc7 44.Rb2 Bg7 45.Rb8 Bf6 46.a4 Be7 47.a5 Bxc5 48.dxc5
Rxc5 49.Bb5 d4+ 50.Kxd4 Rd5+ 51.Ke3 a6 52.Rb7+ Kf8 53.Bc4 Rxa5 54.Bxe6 Ra3+ 55.Kd4  1-0

[Event "1. Bundesliga 2019/2020"]
[Site "Volkshaus Bindermichl, Linz"]
[Date "2019.10.12"]
[Round "3"]
[Board "6"]
[White "Miazhynski, Yuri"]
[Black "Riemelmoser, Franz"]
[Result "1-0"]
[WhiteElo "2147"]
[BlackElo "2235"]
[PlyCount "63"]
[EventDate "2019.10.10"]
[EventType "team"]
[EventRounds "11"]
[EventCountry "AUT"]
[WhiteTeam "SK Sparkasse Bad Voeslau"]
[BlackTeam "SV Pillenkoenig St. Veit"]

1.e4 e6 2.d3 c5 3.g3 Nc6 4.Bg2 g6 5.Nf3 Bg7 6.O-O Nge7 7.c3 O-O 8.a4 d6 9.Na3 e5 10.Be3
h6 11.d4 exd4 12.cxd4 Bg4 13.dxc5 dxc5 14.Qc1 Kh7 15.Bxc5 Rc8 16.Qe3 b6 17.Rad1 Qe8
18.Bd6 Na5 19.b4 Nb7 20.Nb5 Nxd6 21.Nxd6 Qxa4 22.Nxc8 Rxc8 23.Qf4 Be6 24.e5 Nd5 25.Qh4
Nc3 26.Ra1 Qd7 27.Ng5+ Kh8 28.Nxe6 fxe6 29.Rfe1 b5 30.Qg4 Qf7 31.Qd4 Rc7 32.f4  1-0

[Event "1. Bundesliga 2019/2020"]
[Site "Volkshaus Bindermichl, Linz"]
[Date "2019.10.13"]
[Round "4"]
[Board "1"]
[White "Krassowizkij, Jaroslaw"]
[Black "Jovanovic, Dusan"]
[Result "1-0"]
[WhiteElo "2448"]
[BlackElo "2412"]
[PlyCount "61"]
[EventDate "2019.10.10"]
[EventType "team"]
[EventRounds "11"]
[EventCountry "AUT"]
[WhiteTeam "SK Sparkasse Goetzis"]
[BlackTeam "SK Sparkasse Bad Voeslau"]

1.g3 Nf6 2.Bg2 e6 3.c4 c5 4.Nf3 Be7 5.Nc3 a6 6.O-O Qc7 7.e4 d6 8.d4 cxd4 9.Nxd4 Qxc4
10.Be3 Qc7 11.Rc1 Qd8 12.f4 Nbd7 13.g4 h5 14.h3 hxg4 15.hxg4 g6 16.g5 Nh5 17.Qd2 e5
18.Nd5 O-O 19.Nf5 gxf5 20.exf5 exf4 21.f6 Ndxf6 22.gxf6 Bxf6 23.Bb6 Qd7 24.Nxf6+ Nxf6
25.Qxf4 Nh7 26.Rc3 Kh8 27.Rg3 f6 28.Bd4 Qe7 29.Qh6 Be6 30.Rg6 Bxa2 31.Rfxf6 1-0

[Event "1. Bundesliga 2019/2020"]
[Site "Volkshaus Bindermichl, Linz"]
[Date "2019.10.13"]
[Round "4"]
[Board "2"]
[White "Juhasz, Kristof"]
[Black "Walter, Stefan"]
[Result "1-0"]
[WhiteElo "2472"]
[BlackElo "2390"]
[PlyCount "125"]
[EventDate "2019.10.10"]
[EventType "team"]
[EventRounds "11"]
[EventCountry "AUT"]
[WhiteTeam "SK Sparkasse Bad Voeslau"]
[BlackTeam "SK Sparkasse Goetzis"]

1.d4 d5 2.c4 e6 3.Nc3 Be7 4.Nf3 Nf6 5.Bg5 h6 6.Bxf6 Bxf6 7.e3 c6 8.Rc1 Nd7 9.Bd3 dxc4
10.Bxc4 O-O 11.O-O e5 12.Bb3 exd4 13.exd4 Nb6 14.h3 Bf5 15.Re1 Re8 16.g4 Bg6 17.Qd2
Qd6 18.Rxe8+ Rxe8 19.Re1 Rxe1+ 20.Qxe1 Bxd4 21.Nxd4 Qxd4 22.Qe8+ Kh7 23.Bxf7 Bxf7
24.Qxf7 Nd5 25.Nxd5 cxd5 26.Qxb7 Qd1+ 27.Kg2 d4 28.Qe4+ Kh8 29.Qe8+ Kh7 30.Qe4+ Kh8
31.Qf3 Qd2 32.Qa8+ Kh7 33.Qxa7 d3 34.Qd4 Qd1 35.Qe4+ Kh8 36.Qf3 Qc2 37.Qa8+ Kh7 38.Qe4+
Kh8 39.a4 Qb3 40.a5 d2 41.a6 d1=Q 42.a7 Qdd5 43.a8=Q+ Qxa8 44.Qxa8+ Kh7 45.Qe4+ Kh8
46.Qd4 Qb7+ 47.Kg1 Qb3 48.Qc3 Qd1+ 49.Kg2 Qd5+ 50.Qf3 Qd4 51.b3 Qb4 52.Qa8+ Kh7 53.Qd5
Kh8 54.Qc4 Qb7+ 55.Kg1 Kh7 56.b4 Qf3 57.b5 Qxh3 58.Qe4+ Kh8 59.Qe8+ Kh7 60.Qe4+ Kh8
61.b6 Qb3 62.b7 Qb5 63.Kg2 1-0

[Event "1. Bundesliga 2019/2020"]
[Site "Volkshaus Bindermichl, Linz"]
[Date "2019.10.13"]
[Round "4"]
[Board "3"]
[White "Kessler, Luca"]
[Black "Juhasz, Armin"]
[Result "1/2-1/2"]
[WhiteElo "2434"]
[BlackElo "2373"]
[PlyCount "73"]
[EventDate "2019.10.10"]
[EventType "team"]
[EventRounds "11"]
[EventCountry "AUT"]
[WhiteTeam "SK Sparkasse Goetzis"]
[BlackTeam "SK Sparkasse Bad Voeslau"]

1.g3 Nf6 2.Bg2 d5 3.c4 c6 4.cxd5 cxd5 5.Nf3 Nc6 6.d4 Bf5 7.O-O e6 8.Nc3 Bd6 9.b3 h6
10.Bb2 O-O 11.Qd2 Rc8 12.Rfc1 Qe7 13.h3 Ne4 14.Nxe4 Bxe4 15.Ne5 Nxe5 16.Bxe4 dxe4
17.dxe5 Ba3 18.Rxc8 Rxc8 19.Rc1 Rxc1+ 20.Qxc1 Bxb2 21.Qxb2 e3 22.Qd4 exf2+ 23.Kxf2
b6 24.a4 g6 25.b4 Kg7 26.h4 Qc7 27.b5 h5 28.Qf4 Qc5+ 29.Qe3 Qd5 30.Qf4 Qc5+ 31.Qe3
Qd5 32.Qf4 Kg8 33.Kf1 Qd1+ 34.Kf2 Qd5 35.Kf1 Qd1+ 36.Kf2 Qd5 37.Kf1 1/2-1/2